00459nam a2200157 a 4500008004100000020001500041050001700056100002100073245004500094260004200139300002500181350000900206500002800215650003600243650002200279060316s1987 ||||||||||||||||| || u a047180827X aTA 683.2 Fli aFling, Russell S10aPractical design of reinforced concrete  aNew York :bJohn Wiley and Sonsc1987 axviii, 516 p. : ill. a0.00 aIncludes bibliographies aREINFORCED CONCRETE CONTRUCTION aSTRUCTURAL DESIGN